Представление документа в формате RUSMARC

ПолеНазваниеЗначение
  Тип записи a
  Библиографический уровень m
001 Контрольный номер RU/SLIB/B/208735921
005 Дата корректировки 20260428161555.7
010 Индекс ISBN __
d Цена 7-00, 20-00
101 Язык документа 0_
a Язык текста rus
200 Заглавие и сведения об ответственности 1_
a Заглавие Массаж - спутник здоровья
e Сведения, относящиеся к заглавию кн. для учащихся
f Первые сведения об ответственности Бирюков А. А.
b Общее обозначение материала Текст
210 Выходные данные 1_
a Место издания М.
c Издательство Просвещение
d Дата издания 1992
215 Физическое описание __
a Объем 112 с.
c Иллюстрации/тип воспроизводства ил.
225 Серия 2_
a Серия Школа здоровья
606 Тематические рубрики __
a Основная рубрика Здравоохранение. Медицинские науки
606 Тематические рубрики __
a Основная рубрика Физиотерапия и курортология в целом
610 Ключевые слова 0_
a Ключевые слова физиотерапия; массаж
686 Индексы других классификаций __
a Классификационный индекс 53.541; ст53.54
700 Автор _1
a Фамилия Бирюков
b Имя А. А.
4 Код отношения 070
g Полное личное имя Анатолий Андреевич
801 Источник записи _0
a Страна RU
b Организация Муниципальное бюджетное учреждение культуры "Централизованная библиотечная система" г. Сургут (Центральная городская библиотека им. А. С. Пушкина)
g Правила каталогизации КиК/Уланова
801 Источник записи _1
a Страна RU
b Организация Муниципальное бюджетное учреждение культуры "Централизованная библиотечная система" г. Сургут (Центральная городская библиотека им. А. С. Пушкина)
g Правила каталогизации КиК/Уланова
852 Данные о местонахождении __
j Шифр хранения 53.541
c Каталожный индекс 53.54
i Авторский знак Б 64
p Инвентарный номер 48264, 46463
901 Тип документа __
t Тип документа m
903 Характеристики (МАРС) __
a Дата передачи 20090126
990 Данные о заказе (DOS) __
j Количество экземпляров (DOS) 3